000 00255nam a22001217a 4500
008 171130b xxu||||| |||| 00| 0 eng d
041 _aeng
080 _a316
100 _a50
101 _aSOC
245 _aTHE FEMALE WORLD
_cBERNARD,J
942 _2udc
_cBK
999 _c38646
_d38646